000 01080nam a22002537a 4500
999 _c63932
_d63932
005 20240530110706.0
008 180117s2016 ua a g b 000 0 ara d
017 _a2013/22017
_bمصر. دار الكتب
020 _a9789777290531
040 _aEG-CaGPL
_cEG-CaGPL
082 0 4 _221
_a370.15 /
_bج م
100 0 _aجادالله ابوالمكارم جادالله على
245 1 2 _aالمتفوقون دراسيا :
_bنموذج للبناء المعرفى /
_cجادالله ابوالمكارم جادالله على
260 _aالاسكندرية :
_bالمكتبة التربوية،
_c2016.
300 _a398 ص. ؛
_c24 سم.
504 _aيشتمل على ارجاعات ببليوجرافية
650 0 7 _2qrmak
_aالتعليم
_xاغراضة واهدافة
650 0 7 _2qrmak
_aالتوجية التربوى
_xتعليم وتدريس
650 0 7 _2qrmak
_aالتعليم
_xالجوانب النفسية
650 0 7 _2qrmak
_aعلم النفس التربوى
651 _2qrmak
942 _2ddc
_cBK